Geschichte der Kaiserlichen Leopoldinisch-Carolinischen deutschen akademie der naturforscher während der jahre 1852-1887 (Record no. 19070)
[ view plain ]
| 000 -LEADER | |
|---|---|
| fixed length control field | 00953nam a22002051 4500 |
| 001 - CONTROL NUMBER | |
| control field | e 10001885 |
| 003 - CONTROL NUMBER IDENTIFIER | |
| control field | DLC |
| 005 - DATE AND TIME OF LATEST TRANSACTION | |
| control field | 20260227111154.0 |
| 008 - FIXED-LENGTH DATA ELEMENTS--GENERAL INFORMATION | |
| fixed length control field | 870527s1889 gw b 00010 ger c |
| 010 ## - LIBRARY OF CONGRESS CONTROL NUMBER | |
| LC control number | e 10001885 //r87 |
| 040 ## - CATALOGING SOURCE | |
| Original cataloging agency | U.S. Bur. of Education libr./ICU |
| Transcribing agency | ICU |
| 050 0# - LIBRARY OF CONGRESS CALL NUMBER | |
| Classification number | Q49 |
| Item number | .H172 |
| 100 10 - MAIN ENTRY--PERSONAL NAME | |
| Personal name | Ule, Willi, |
| Dates associated with a name | 1861-1940. |
| 245 10 - TITLE STATEMENT | |
| Title | Geschichte der Kaiserlichen Leopoldinisch-Carolinischen deutschen akademie der naturforscher während der jahre 1852-1887 |
| Remainder of title | mit einem rückblick auf die frühere zeit ihres bestehens im auftrage des präsidenten herrn geheimen rathes professors dr. Hermann Knoblauch verfasst |
| Statement of responsibility, etc. | von dr. phil. Willi Ule ... |
| 260 0# - PUBLICATION, DISTRIBUTION, ETC. | |
| Place of publication, distribution, etc. | Halle, |
| Name of publisher, distributor, etc. | Druck von E. Blochmann und sohn in Dresden, |
| Date of publication, distribution, etc. | 1889. |
| 300 ## - PHYSICAL DESCRIPTION | |
| Extent | viii, 258 p., 1 l. |
| Dimensions | 33 cm. |
| 504 ## - BIBLIOGRAPHY, ETC. NOTE | |
| Bibliography, etc. note | Contains bibliographies. |
| 610 20 - SUBJECT ADDED ENTRY--CORPORATE NAME | |
| Corporate name or jurisdiction name as entry element | Kaiserliche Leopoldinische-Carolinische Deutsche Akademie der Naturforscher. |
| 700 10 - ADDED ENTRY--PERSONAL NAME | |
| Personal name | Knoblauch, Hermann, |
| Dates associated with a name | 1820-1895. |
No items available.